<?xml version="1.0" encoding="UTF-8"?>
<marc:record xmlns:marc="http://www.loc.gov/MARC21/slim">
   <marc:leader>00000nam a2200000 a 4500</marc:leader>
   <marc:datafield ind1="1" ind2=" " tag="100">
      <marc:subfield code="a">Orlovský, Sarah Michaela</marc:subfield>
      <marc:subfield code="4">aut</marc:subfield>
      <marc:subfield code="e">Verfasser/-in</marc:subfield>
   </marc:datafield>
   <marc:datafield ind1="1" ind2=" " tag="100">
      <marc:subfield code="a">Rohrer, Michael</marc:subfield>
   </marc:datafield>
   <marc:datafield ind1="0" ind2="0" tag="245">
      <marc:subfield code="a">Ein Schnurrbart erobert die Welt</marc:subfield>
   </marc:datafield>
   <marc:datafield ind1="0" ind2="0" tag="245">
      <marc:subfield code="c">Sarah Michaela Orlovský ; mit Illustrationen von Michael Roher</marc:subfield>
   </marc:datafield>
   <marc:datafield ind1=" " ind2="1" tag="264">
      <marc:subfield code="a">Innsbruck</marc:subfield>
      <marc:subfield code="b">Obelisk Verlag</marc:subfield>
      <marc:subfield code="c">2025</marc:subfield>
   </marc:datafield>
   <marc:datafield ind1=" " ind2=" " tag="250">
      <marc:subfield code="a">Taschenbuchausgabe</marc:subfield>
   </marc:datafield>
   <marc:datafield ind1="1" ind2=" " tag="520">
      <marc:subfield code="a">Jojos Opa ist traurig und langweilig ist ihm auch ein bisschen. Jojo weiß schon bald, wie es Opa besser gehen könnte. Der interessiert sich seit Neuestem nämlich für Bärte, obwohl er selbst ja gar keinen hat! Opas Ziel ist es, zur Bartweltmeisterschaft zu fahren. Jojo und sein Opa machen sich also an die Arbeit, so ein Bart muss erst mal gut wachsen, dann gehegt und gepflegt werden. Als es endlich so weit ist, steigt die Spannung ganz enorm! Mit welchem Bart könnte Opa Erfolg haben? Und was passiert, wenn er wirklich gewinnt?</marc:subfield>
   </marc:datafield>
   <marc:datafield ind1=" " ind2=" " tag="020">
      <marc:subfield code="a">9783991281528</marc:subfield>
      <marc:subfield code="9">9783991281528</marc:subfield>
   </marc:datafield>
   <marc:datafield ind1=" " ind2=" " tag="041">
      <marc:subfield code="a">ger</marc:subfield>
   </marc:datafield>
   <marc:datafield ind1=" " ind2=" " tag="300">
      <marc:subfield code="a">94 Seiten, Illustrationen</marc:subfield>
   </marc:datafield>
</marc:record>
